Comportamiento organizacional
Spremljeno u:
| Glavni autori: | , |
|---|---|
| Format: | Knjiga |
| Jezik: | španjolski |
| Izdano: |
Ciudad de México
Cengage Learning
2009
|
| Izdanje: | 12a. ed |
| Teme: | |
| Oznake: |
Dodaj oznaku
Bez oznaka, Budi prvi tko označuje ovaj zapis!
|
MARC
| LEADER | 00000cam a2200000 a 4500 | ||
|---|---|---|---|
| 001 | UCD9091 | ||
| 003 | CL-VaPUC | ||
| 008 | 170602e20090000mx |||||||||||||||||spa|d | ||
| 020 | |a 9789708300032 | ||
| 020 | |a 9708300039 | ||
| 082 | 0 | 4 | |a 658.3 |b HEL |2 21 |
| 100 | |a Hellriegel, Don |e author |9 598325 | ||
| 700 | 0 | |a Slocum, John W |e author |9 592764 | |
| 245 | 1 | 0 | |a Comportamiento organizacional |
| 250 | |a 12a. ed | ||
| 300 | |a 550 p | ||
| 942 | |c BK | ||
| 945 | |d 20170602 23:29:00 |a arojas | ||
| 260 | |a Ciudad de México |b Cengage Learning |c 2009 | ||
| 650 | 0 | |a Comportamiento organizacional |9 311858 | |
| 650 | 0 | |a Aprendizaje en el empleo |9 522569 | |
| 650 | 0 | |a Liderazgo |9 271835 | |
| 650 | 7 | |a TRABAJO EN EQUIPO |2 CL-VaPUC |9 393025 | |
| 650 | 7 | |a MANEJO DE CONFLICTO |2 CL-VaPUC |9 522570 | |
| 650 | 0 | |a Toma de decisiones |9 257530 | |
| 650 | 0 | |a Cambio organizacional |9 260741 | |
| 650 | 0 | |a Comunicación |9 257251 | |
| 650 | 7 | |a MOTIVACION LABORAL |2 CL-VaPUC |9 522571 | |
| 583 | |a last modification |c 20170602 23:29:00 |k Rodrigo Vera | ||
| 999 | |c 368376 |d 368374 | ||